| 000 | 01279nam a2200301Ia 4500 | ||
|---|---|---|---|
| 001 | ebr10071971 | ||
| 003 | CaPaEBR | ||
| 006 | m u | ||
| 007 | cr cn||||||||| | ||
| 008 | 830111s1979 dcua sb f000 0 eng d | ||
| 010 | _z 79084281 | ||
| 020 | _z0309028752 | ||
| 040 |
_aCaPaEBR _cCaPaEBR |
||
| 035 | _a(OCoLC)648001660 | ||
| 050 | 1 | 4 |
_aRA440.85 _b.I56 1979eb |
| 110 | 2 |
_aInstitute of Medicine (U.S.). _bDivision of Health Care Services. |
|
| 245 | 1 | 0 |
_aHealth services research _h[electronic resource] : _breport of a study / _cInstitute of Medicine, Division of Health Care Services. |
| 260 |
_aWashington : _bNational Academy of Sciences, _c1979. |
||
| 300 |
_ax, 102 p. : _bill. |
||
| 504 | _aIncludes bibliographical references. | ||
| 533 |
_aElectronic reproduction. _bPalo Alto, Calif. : _cebrary, _d2009. _nAvailable via World Wide Web. _nAccess may be limited to ebrary affiliated libraries. |
||
| 610 | 2 | 0 | _aNational Center for Health Services Research. |
| 650 | 0 |
_aMedical care _xResearch _zUnited States. |
|
| 650 | 0 |
_aMedical care _xResearch. |
|
| 655 | 7 |
_aElectronic books. _2local |
|
| 710 | 2 | _aebrary, Inc. | |
| 856 | 4 | 0 |
_uhttp://site.ebrary.com/lib/rucke/Doc?id=10071971 _zAn electronic book accessible through the World Wide Web; click to view |
| 999 |
_c33563 _d33563 |
||